000
00337nam a2200133Ia 4500
008
231019s9999 xx 000 0 und d
082
_a
657.42
_b
NAV-C
100
_a
Naveed Ansari
245
0
_a
Cost & Management Accounting
260
_a
Lahore, Pakistan
_b
Rise Publications
_c
2019
300
_a
783
650
_a
Accounting
999
_c
34470
_d
34470